00374nam a2200145Ia 4500008004100000020001500041041001200056082001600068100001800084245006200102260002500164300000800189650001200197700001900209221030s9999 xx 000 0 und d a007460225X aEnglish a105.23bMah aA. S. Mahajan 0aElectricity & Magnetismcby A. S. Mahajan, A. A. Rangwala bTMHaNew Delhic2000 a508 aPhysics aA. A. Rangwala